00298nam a2200097Ia 45000010005000000080041000050820021000461000065000672450047001322600021001791833241024s9999 xx 000 0 und d aRD/780.9/R426c/6 aRepública Dominicana.Secretaría de Estado de Educación 0aCuaderno de Arte No.6. Educación Musical bEd. Tallerc1997